| 000 | 01142nmm a2200349 a 4500 | ||
|---|---|---|---|
| 001 | ocm0002015353 | ||
| 003 | TR-IsHL | ||
| 005 | 20201028175310.0 | ||
| 008 | 181025s2015 tu tur | ||
| 007 | cr cn | ||
| 020 | _a9786059143080 | ||
| 035 |
_a2015353 _b(N$T) |
||
| 050 | 0 | 4 |
_aLB2369 _b.A94 2015 |
| 090 | 0 | 4 |
_aLB2369 _b.A94 2015 |
| 100 | 1 | _aAziz, Aysel | |
| 245 | 1 | 0 |
_aAraştırmanın yazılması ve sunumu _h[electronic resource] / _cAysel Aziz ; Genel yayın yönetmeni Yusuf Günbaş |
| 250 | _a1. baskı | ||
| 260 |
_aİstanbul : _bHiperlink Yayınları, _c2015 |
||
| 300 | _a158 p. | ||
| 500 | _aKaynakça ve dizin var. | ||
| 650 | 4 | _aGenel Çalışmalar | |
| 650 | 4 | _aGeneral Works | |
| 650 | 0 |
_aSocial sciences _x Research |
|
| 650 | 0 |
_aSosyal bilimler _x Araştırma |
|
| 650 | 0 |
_aSocial sciences _x Methodology |
|
| 650 | 0 |
_aSosyal bilimler _x Metodoloji |
|
| 650 | 0 | _aReport writing | |
| 650 | 0 | _aRapor yazma | |
| 650 | 7 |
_aSOCIAL SCIENCE / Research _2bisacsh |
|
| 700 | 1 | _aGünbaş, Yusuf | |
| 856 | 4 | 0 | _uhttp://search.ebscohost.com/login.aspx?direct=true&scope=site&db=e011xww&AN=2015353 |
| 999 |
_c18604 _d18604 |
||